| 000 | 01640cam a22003014a 4500 | ||
|---|---|---|---|
| 001 | 15120556 | ||
| 005 | 20210414114446.0 | ||
| 008 | 071221s2008 enka 001 0 eng | ||
| 010 | _a 2007052435 | ||
| 020 | _a9780199227372 | ||
| 040 |
_aDLC _cDLC _dDLC |
||
| 043 | _ae-uk-en | ||
| 050 | 0 | 0 | _aKD1480.W376 |
| 082 | 0 | 0 |
_a346.42/004 _222 |
| 100 | 1 | _aWatt, Gary. | |
| 245 | 1 | 0 |
_aEquity & trusts law: directions. / _cGary Watt. |
| 260 |
_aOxford ; _aNew York : _bOxford University Press, _c2008. |
||
| 300 |
_c27cm. _axli, 491p. _bill, |
||
| 490 | 0 | _aDirections | |
| 500 | _aIncludes index. | ||
| 505 | _aContents: Introduction to equity and trusts -- Understanding trusts -- Capacity and formality requirements -- Certainty requirements -- The Constitution of trusts -- Public policy limitations on the formation of trusts -- Purpose trusts -- Charitable trusts -- Variation of trusts -- Trustee appointments -- the nature of trusteeship -- Trustees' duties -- Maintenance and advancement -- Investment -- Breach of trust: Defences and relief -- Resulting and constructive trusts -- Informal trusts of land -- Tracing -- The Equitable liability of stangers to the trust -- Equity: Doctrines and remedies. | ||
| 650 | 0 |
_aTrusts and trustees _zEngland. |
|
| 650 | 0 |
_aEquity _zEngland. |
|
| 856 | 4 | 1 |
_3Table of contents only _uhttp://www.loc.gov/catdir/toc/ecip087/2007052435.html |
| 906 |
_a7 _bcbc _corignew _d1 _eecip _f20 _gy-gencatlg |
||
| 942 |
_2lcc _cBK |
||
| 999 |
_c5506 _d13006 |
||